Acentos de Paji. (Record no. 86307)

MARC details
000 -CABECERA
campo de control de longitud fija 00918nmm a2200217 a 4500
005 - FECHA Y HORA DE LA ÚLTIMA TRANSACCIÓN
campo de control 20241012063900.0
008 - ELEMENTOS DE LONGITUD FIJA--INFORMACIÓN GENERAL
campo de control de longitud fija 011002s2000 mx b spa d
035 ## - NÚMERO DE CONTROL DEL SISTEMA
Número de control de sistema UPN01000112399
049 ## - COLECCIÓN
Colección I
050 #4 - SIGNATURA TOPOGRÁFICA DE LA BIBLIOTECA DEL CONGRESO
Número de clasificación LB1029 G3
Número de documento/Ítem A2.3
245 00 - MENCIÓN DE TÍTULO
Título Acentos de Paji.
260 ## - PUBLICACIÓN, DISTRIBUCIÓN, ETC.
Lugar de publicación, distribución, etc. México :
Nombre del editor, distribuidor, etc. Vermic,
Fecha de publicación, distribución, etc. c2000.
300 ## - DESCRIPCIÓN FÍSICA
Extensión 1 disco óptico de computador :
Otras características físicas son., col. :
Dimensiones 4 3/4 plg.
500 ## - NOTA GENERAL
Nota general "Más de 5,000 ejercicios, retroalimentación de los errores cometidos, 3 niveles de dificultad"
538 ## - NOTA DE DETALLES DEL SISTEMA
Nota de detalles del sistema Requisitos del sistema: Computadora Pentium o superior; 16 Mb. de memoria RAM; Windows 9X o superior; 13 Mb. de espacio en disco duro para su instalación; Unidad de CD-ROM; Monitor VGA 256 colores; Tarjeta de sonido; Mouse.
521 ## - NOTA DE AUDIENCIA
Nota de público destinatario Para edades de 9 a 15 años
650 #4 - ASIENTO SECUNDARIO DE MATERIA - TERMINO TEMATICO
Término de materia o nombre geográfico como elemento de entrada ESPAÑOL -
Subdivisión general ACENTOS Y ACENTUACION
9 (RLIN) 17059
650 #4 - ASIENTO SECUNDARIO DE MATERIA - TERMINO TEMATICO
Término de materia o nombre geográfico como elemento de entrada Juegos educativos
9 (RLIN) 3952
905 ## - TIPO DE MATERIAL
Tipo de material Electrónico
Holdings
Estado de retiro Estado de pérdida Fuente del sistema de clasificación o colocación Estado dañado No para préstamo Código de colección Localización permanente Ubicación/localización actual Ubicación en estantería Total de préstamos Clasificación Código de barras Fecha visto por última vez Número de copia Tipo de ítem Koha
    Library of Congress Classification     Infantil Bib. Gregorio Torres Quintero Bib. Gregorio Torres Quintero Sala infantil Planta baja   LB1029 G3 A2.3 183640 31/12/2020 1 Formato Digital